000 00905cab a2200313 4500
001 ABS56705
008 090401t1997 xxu||||| |||| 00| 0 eng d
035 _a(Sirsi) u77526
041 _aeng
100 _aMorgan, D.
245 _aAsylum seekers
260 _c1997
350 _a0
490 _aProperty Week
_v58(11) 21 March 1997, 26-27(2)
520 _aReports on how Capital & Counties is using the Private Finance Initiative to turn a redundant mental hospital into an office development.
650 _aCAMBRIDGE & HUNTINGDON HA
650 _aCAPITAL & COUNTIES
650 _aCHANGE OF USE
650 _aCONVERSION
650 _aFULBOURN HOSPITAL
650 _aOFFICES
650 _aPFI
650 _aPRIVATE FINANCE INITIATIVE
650 _aREDEVELOPMENT
650 _aREDUNDANT HOSPITALS
690 _aPROPERTY-PROPERTY DEVELOPMENT
942 _n0
948 _c03/04/1997
999 _c48745
_d48745